000 00800nam a2200265 i 4500
001 000025422
003 DO-SdBNP
005 20231227134317.0
006 a||||er|||| 00| 0
007 ta
008 110216e1988 dr 000 0 spa d
040 _aDO-SdBNP
_bspa
_cBNPHU
_erda
082 4 _bV297a
_222
100 1 _aVargas Valente, Virginia
_952027
_eautora
245 1 3 _aEl aporte de la rebeldía de las mujeres /
_cVirginia Vargas Valente.
264 _aSanto Domingo :
_bCIPAF,
_c1988.
300 _a47 páginas ;
_c20 cm.
336 _2rdacontent
_atexto
_btxt
337 _2rdamedia
_asinmediación
_bn
338 _2rdacarrier
_avolumen
_bnc
490 _aTeoría
500 _aIncluye bibliografía y notas al pie de las páginas.
590 _aInventariado 2023 / MF
942 _2ddc
_cLF2
999 _c24914
_d24914